000 00565nam a2200241Ia 4500
003 OSt
005 20230525193038.0
008 210423s2000 xx 000 0 und d
040 _cAL
041 _akan
082 _a306.08k
_223
_bBORB
100 _aBORALINGAIAH (H C)
_9114623
245 _aBudakattu dyvuaradhane
250 _a1
260 _aHampi
_bPrasasanga
_c2000
300 _avi,32
365 _b75
_cINR
440 _v1
650 _aCulture
_9114624
650 _aSociology
_9114625
906 _aBudakattu ; dyvuaradhane
942 _2ddc
_cBK
999 _c173337
_d173337